000 00816nam a22002417a 4500
005 20170124105930.0
010 _aA-953297
020 _c00.00
_a0195647556
035 _aA-953297
037 _bCen Lib/Ret
040 _aDPL
_bEN
082 _a337
_bBHA
100 _aBhagwati, Jagdish
_96696
245 _aWritings on international economics /
_cby Jagdish Bhagwati; edited by V. N. Balasubramanyam
260 _aDelhi
_bOxford University Press
_c1998
270 _aYMCA Library Building, Jai Singh Road
_bNew Delhi
_e110001
300 _avi,619p.
_c21cm(Hb)
500 _aIncludes bibliographical references and index
650 _aInternational economic relations
_96516
650 _aCommercial policy
_96517
700 _a Balasubramanyam, V. N.
_98017
942 _2ddc
_cEN
_h337
_mBHA
999 _c123782
_d123782